[Event "Winnipeg Yanofsky Memorial U1800"]
[Site "Winnipeg"]
[Date "2012.07.29"]
[Round "5"]
[White "Avena, Danilo"]
[Black "Remillard, John"]
[Result "0-1"]
[WhiteElo "1756"]
[BlackElo "1583"]
[PlyCount "74"]
[EventDate "2012.07.27"]
[EventType "swiss"]
[EventRounds "5"]
[EventCountry "CAN"]
[SourceTitle "EXT 2022"]
[Source "ChessBase"]
[SourceDate "2021.10.06"]
[SourceVersion "1"]
[SourceVersionDate "2021.10.06"]
[SourceQuality "1"]

1. b3 Nf6 2. Bb2 e6 3. c4 Be7 4. Nf3 0-0 5. Nc3 d5 6. cxd5 Nxd5 7. e4 Nxc3 8. Bxc3 Bf6 9. e5 Be7 10. Qc2 b6 11. Bd3 h6 12. Be4 c6 13. 0-0 Ba6 14. Rfe1 Qc7 15. Rac1 Nd7 16. b4 Rac8 17. d4 Bc4 18. Bd2 b5 19. a3 Nb6 20. Be3 Nd5 21. Nd2 Nxe3 22. fxe3 Bd5 23. Bd3 a5 24. e4 Bc4 25. Nxc4 bxc4 26. Qxc4 axb4 27. axb4 Qb6 28. Red1 Bg5 29. Qc5 Be3+ 30. Kf1 Bxd4 31. Qxb6 Bxb6 32. Ba6 Ra8 33. Bb7 Ra2 34. Rxc6 Rf2+ 35. Kg1 Rd2+ 36. Rxb6 Rxd1+ 37. Kf2 Rb1 0-1